000 02132nam a22003137a 4500
003 OSt
005 20260325125828.0
008 260325t1996 xxu||||| |||| 00| 0 spa d
020 _a8470303821
040 _aUnicoc
_bspa
_c00001
_d00001
082 _a616.89142
100 _912764
_aPérez Álvarez, Marino
245 _aLa psicoterapia desde el punto de vista conductista
_c/ Marino Pérez Álvarez
250 _a1 Ed.
260 _aEspaña :
_bBiblioteca Nueva ,
_c1996
300 _a222 páginas
500 _aIncluye Referencias bibliográficas
505 _tParte I. Historia epistemológica de la terapia de conducta. --
_tCapítulo I. Watson y la terapia de conducta avant la lettre. --
_tCapítulo II. La terapia de conducta se da de alta. --
_tCapítulo III. El análisis aplicado de la conducta. --
_tCapítulo IV. Las limitaciones del análisis aplicado y de la terapia de conducta. --
_tCapítulo V. El aprendizaje social. --
_tCapítulo VI. El enfoque cognitivo de la terapia. --
_tParte II. Panorama actual de la terapia de conducta. --
_tCapítulo VII. Enfoques, méritos y limitaciones. --
_tCapítulo VIII. Propuestas ante la situación actual. --
_tCapítulo IX. Avances en la investigación sobre la conducta verbal. --
_tCapítulo X. Definición específica de la terapia de conducta. --
_tParte III. Avances en terapia de conducta. --
_tCapítulo XI. La psicoterapia analítica funcional. --
_tCapítulo XII. La terapia contextual. --
_tCapítulo XIII. Para una reconsideración del yo. --
_tCapítulo XIV. Panorama virtual de la terapia de conducta.
526 _5Unicoc
546 _aEspañol
650 0 _99893
_aTerapia conductual
_xHistoria
650 0 _98549
_aTerapia cognitiva conductual
650 0 _99335
_aConducta (Psicología)
_vTerapia
650 0 _99893
_aTerapia conductual
_vAvances
650 0 _97681
_aPsicoterapia
658 0 _910741
_aPrograma de Psicología
856 _uhttps://unicoceduco-my.sharepoint.com/:b:/g/personal/direccionbiblioteca_unicoc_edu_co/IQD_xX3ulbg4Qr-fMjWK6GN0AbFKziI6sWQxKjrdLqonabo
_yAcceso online exclusivo para comunidad Unicoc.
942 _2ddc
_cEBOOK
999 _c10776
_d10776